000 00376nam a2200157Ia 4500
005 20240807062238.0
008 240806s9999||||xx |||||||||||||| ||eng||
041 _aeng
082 _a891.438
_bRAMS
100 _aRama Shankar
245 0 _aSharab aur swasthay /
_cRama Shankar
260 _bVibhor Prakashan All.
300 _a24
650 _aGeneral Studies
942 _cBK
999 _c12995
_d12995